Companion animals : Their biology, care, health, and management

Comprehensive and up-to-date, this book makes a useful reference devoted to companion animals. It provides underpinning principles and time-tested practical information for those preparing for careers related to the health and quality of life of all creatures–with special emphasis on companion anima...

Cur síos iomlán

Đã lưu trong:
Sonraí Bibleagrafaíochta
Príomhúdar: Campbell, Karen L.
Formáid: Leabhar
Teanga:Undetermined
Foilsithe: Upper Saddle River, N.J. Pearson Prentice Hall 2009
Ábhair:
Clibeanna: Cuir Clib Leis
Gan Chlibeanna, Bí ar an gcéad duine leis an taifead seo a chlibeáil!
Thư viện lưu trữ: Trung tâm Học liệu Trường Đại học Cần Thơ
LEADER 01418nam a2200193Ia 4500
001 CTU_153065
008 210402s9999 xx 000 0 und d
082 |a 636.088 
082 |b C188 
100 |a Campbell, Karen L. 
245 0 |a Companion animals : 
245 0 |b Their biology, care, health, and management 
245 0 |c Karen L. Campbell, John R. Campbell 
260 |a Upper Saddle River, N.J. 
260 |b Pearson Prentice Hall 
260 |c 2009 
520 |a Comprehensive and up-to-date, this book makes a useful reference devoted to companion animals. It provides underpinning principles and time-tested practical information for those preparing for careers related to the health and quality of life of all creatures–with special emphasis on companion animals. Chapter topics include choosing a dog or cat; companion birds, reptiles, amphibians, rodents, ferrets, and lagomorphs; medical records and case histories; feeding and nutrition; care, management, and training of dogs and cats; fitting, grooming, and showing; companion animal health; kennel/cattery design and management; career opportunities associated with companion animals; and trends/future of companion animals and related functions. For pet food manufacturers, pet stores, pet owners, pet breeders, and veterinary medical groups. 
650 |a Pets,Vật nuôi kiểng 
980 |a Trung tâm Học liệu Trường Đại học Cần Thơ